[Event "Liga Madrileña - DH 2012-2013"]
[Site "Madrid ESP"]
[Date "2013.02.10"]
[Round "9.36"]
[White "Fernandez Garcia, Miguel Angel"]
[Black "Cao Armillas, Jesus"]
[Result "1/2-1/2"]
[WhiteElo "2307"]
[BlackElo "2173"]
[PlyCount "115"]
[EventDate "2012.11.18"]
[EventRounds "14"]
[EventCountry "ESP"]
[Source "lmi"]
[SourceDate "2012.11.18"]
[WhiteTeam "Amigos del Ajedrez"]
[BlackTeam "Collado Villalba"]
[WhiteTeamCountry "ESP"]
[BlackTeamCountry "ESP"]

1. d4 Nf6 2. c4 e6 3. Nf3 b6 4. Bf4 Bb7 5. Nc3 Bb4 6. Rc1 Ne4 7. Nd2 Qf6 8. Be3
Nxc3 9. bxc3 Bd6 10. f3 Qg6 11. Bf2 f5 12. e3 O-O 13. h4 Bg3 14. f4 d6 15. h5
Bxf2+ 16. Kxf2 Qf6 17. Be2 Nd7 18. Bf3 Bxf3 19. gxf3 Qf7 20. Qa4 a5 21. Qc6
Rac8 22. Ke2 Qe8 23. Rcg1 Rf6 24. h6 g6 25. Kd1 Kh8 26. Ke1 e5 27. fxe5 dxe5
28. Qb5 Qe6 29. f4 e4 30. Ke2 Rff8 31. Rd1 Rb8 32. Rb1 Rfd8 33. Qa4 Qd6 34. Qc2
Nf6 35. Rb5 Qf8 36. c5 Nh5 37. Kd1 Qxh6 38. cxb6 cxb6 39. Qb3 Qf8 40. Rxb6 Nf6
41. c4 Ng4 42. Ke2 a4 43. Qb2 Kg8 44. Rb7 h5 45. Qb6 Rxb7 46. Qxb7 Qa3 47. Rh3
Qd3+ 48. Ke1 Nxe3 49. Qb6 Qxd4 50. Qxg6+ Kf8 51. Qh6+ Ke7 52. Qh7+ Ke6 53. Qg6+
Ke7 54. Qh7+ Kf8 55. Qh6+ Ke7 56. Qh7+ Ke6 57. Qg6+ Ke7 58. Qh7+ 1/2-1/2

[Event "Liga Madrileña - DH 2012-2013"]
[Site "Madrid ESP"]
[Date "2013.02.10"]
[Round "9.41"]
[White "Alcazar Jimenez, Victor Manuel"]
[Black "Arribas Lopez, Angel"]
[Result "1/2-1/2"]
[WhiteElo "2373"]
[BlackElo "2477"]
[PlyCount "68"]
[EventDate "2012.11.18"]
[EventRounds "14"]
[EventCountry "ESP"]
[Source "lmi"]
[SourceDate "2012.11.18"]
[WhiteTeam "Blanco y Negro"]
[BlackTeam "Virgen de Atocha"]
[WhiteTeamCountry "ESP"]
[BlackTeamCountry "ESP"]

1. c4 e5 2. g3 Nc6 3. Bg2 Bc5 4. Nc3 f5 5. e3 Nf6 6. Nge2 e4 7. d4 exd3 8. Nf4
Bb4 9. Qxd3 d6 10. a3 Ne5 11. Qc2 Bxc3+ 12. Qxc3 a5 13. b3 Ne4 14. Qc2 Nc5 15.
Bb2 c6 16. Rd1 Qe7 17. O-O O-O 18. b4 axb4 19. axb4 Ne4 20. Nd3 Ng6 21. Nf4 Ne5
22. Nh5 Qf7 23. f3 Nxc4 24. Bxg7 Nxe3 25. Qd3 Nxd1 26. fxe4 Qxh5 27. Bxf8 fxe4
28. Qxd6 Nc3 29. Bh6 Ne2+ 30. Kh1 Nxg3+ 31. Kg1 Ne2+ 32. Kh1 Ng3+ 33. Kg1 Ne2+
34. Kh1 Ng3+ 1/2-1/2

[Event "Liga Madrileña - DH 2012-2013"]
[Site "Madrid ESP"]
[Date "2013.02.10"]
[Round "9.42"]
[White "Almagro Llanas, Pablo"]
[Black "Alarcia Astriz, Carlos"]
[Result "1-0"]
[WhiteElo "2442"]
[BlackElo "2335"]
[PlyCount "91"]
[EventDate "2012.11.18"]
[EventRounds "14"]
[EventCountry "ESP"]
[Source "lmi"]
[SourceDate "2012.11.18"]
[WhiteTeam "Virgen de Atocha"]
[BlackTeam "Blanco y Negro"]
[WhiteTeamCountry "ESP"]
[BlackTeamCountry "ESP"]

1. c4 Nf6 2. g3 e6 3. Bg2 d5 4. Nf3 Be7 5. O-O O-O 6. b3 Nbd7 7. Bb2 a5 8. Nc3
c6 9. Qc2 Nb6 10. d3 a4 11. e4 axb3 12. axb3 Rxa1 13. Rxa1 dxe4 14. dxe4 Nfd7
15. e5 Nc5 16. Bf1 Qc7 17. Ne4 Nxe4 18. Qxe4 Rd8 19. Bd3 g6 20. h4 Nd7 21. Bc2
Nc5 22. Qe3 Na6 23. Ng5 Bc5 24. Qf4 Nb4 25. Rc1 Nxc2 26. Rxc2 b6 27. Ne4 Be7
28. Qh6 Rd1+ 29. Kh2 Qd8 30. Nf6+ Bxf6 31. exf6 Qf8 32. Qg7+ Qxg7 33. fxg7 c5
34. Bf6 h5 35. Ra2 Bb7 36. g4 hxg4 37. Ra7 Rd7 38. Kg3 e5 39. Bxe5 f5 40. Kf4
Kf7 41. Kg5 Re7 42. Bf6 Rd7 43. Ra1 Be4 44. Ra6 Bb7 45. Rxb6 Be4 46. Rb8 1-0

[Event "Liga Madrileña - DH 2012-2013"]
[Site "Madrid ESP"]
[Date "2013.02.10"]
[Round "9.43"]
[White "Martinez Lozano, Miguel Angel"]
[Black "Rubio Mejia, Luis Ignacio"]
[Result "0-1"]
[WhiteElo "2230"]
[BlackElo "2432"]
[PlyCount "164"]
[EventDate "2012.11.18"]
[EventRounds "14"]
[EventCountry "ESP"]
[Source "lmi"]
[SourceDate "2012.11.18"]
[WhiteTeam "Blanco y Negro"]
[BlackTeam "Virgen de Atocha"]
[WhiteTeamCountry "ESP"]
[BlackTeamCountry "ESP"]

1. e4 c5 2. Nf3 e6 3. d4 cxd4 4. Nxd4 Nc6 5. Nc3 Qc7 6. Nb3 Nf6 7. f4 d6 8. Bd3
a6 9. Qf3 b5 10. g4 Bb7 11. g5 Nd7 12. Qh3 b4 13. Ne2 g6 14. Be3 Nc5 15. O-O
Be7 16. Nxc5 dxc5 17. Rad1 O-O-O 18. c3 Kb8 19. c4 Na5 20. Ng3 Rxd3 21. Rxd3
Nxc4 22. Bc1 Nd6 23. Rfd1 c4 24. Rd4 Nb5 25. Rd7 Qc5+ 26. Kh1 Bc6 27. R7d2 c3
28. bxc3 Nxc3 29. Qg2 Nxd1 30. Rxd1 Rd8 31. Rxd8+ Bxd8 32. Qd2 Bb6 33. Kg2 Kb7
34. Bb2 a5 35. Be5 Qc4 36. Kh3 Qc5 37. Qd3 Bb5 38. Qd2 Ka6 39. Qd1 Bc6 40. Qd3+
Bb5 41. Qd1 a4 42. Bd6 Qc4 43. Qd2 b3 44. axb3 axb3 45. Be5 Qc2 46. Qd6 Qc5 47.
Qd2 Ba5 48. Qb2 Qc4 49. Bd4 Kb7 50. Be5 Bb4 51. Bd4 Qd3 52. Bf6 Bc4 53. Be5 Qe3
54. Qa1 Qa7 55. Qd1 Kc6 56. Qd8 Bc5 57. Qc8+ Kb5 58. Bc3 Bd3 59. Bb2 Kc4 60.
Qh8 Bd4 61. Qc8+ Bc5 62. Qh8 Kb5 63. Qe8+ Kb4 64. Qh8 Bc4 65. Qc3+ Kb5 66. Qe5
Kc6 67. Qh8 Qd7 68. Qa8+ Kb5 69. Bc3 Bb6 70. Qa3 Qd3 71. Qb4+ Kc6 72. Qa4+ Kb7
73. Qb4 Bb5 74. Qe7+ Bd7 75. Qb4 Qb5 76. Qa3 Bc5 77. Qb2 Bc6 78. Bh8 Ka6 79.
Bc3 Qc4 80. Qd2 Bxe4 81. Nxe4 Qxe4 82. Qb2 Qf3+ 0-1

[Event "Liga Madrileña - DH 2012-2013"]
[Site "Madrid ESP"]
[Date "2013.02.10"]
[Round "9.44"]
[White "Fernandez Barrera, Victor"]
[Black "Garrido Olivares, Ricard"]
[Result "1-0"]
[WhiteElo "2312"]
[BlackElo "2218"]
[PlyCount "175"]
[EventDate "2012.11.18"]
[EventRounds "14"]
[EventCountry "ESP"]
[Source "lmi"]
[SourceDate "2012.11.18"]
[WhiteTeam "Virgen de Atocha"]
[BlackTeam "Blanco y Negro"]
[WhiteTeamCountry "ESP"]
[BlackTeamCountry "ESP"]

1. e4 c6 2. d4 d5 3. Nd2 dxe4 4. Nxe4 Nd7 5. Nf3 Ngf6 6. Ng3 e6 7. Bd3 Bd6 8.
O-O Qc7 9. Re1 O-O 10. c4 c5 11. b3 b6 12. Bb2 Bb7 13. Qe2 Rfe8 14. a3 Rad8 15.
dxc5 Bxc5 16. b4 Bf8 17. Ng5 h6 18. N5e4 Nxe4 19. Bxe4 Bxe4 20. Qxe4 f5 21. Qc2
Nf6 22. Qb3 Kh7 23. Rac1 Qf7 24. Qf3 g6 25. h3 Rc8 26. Nf1 Bd6 27. Red1 Ne4 28.
Nd2 Ng5 29. Qe2 Qc7 30. h4 Nf7 31. Nb3 Be5 32. c5 Bxb2 33. Qxb2 bxc5 34. Nxc5
Qe5 35. Qxe5 Nxe5 36. f4 Nc6 37. Rd7+ Re7 38. Rcd1 Kg8 39. Rxe7 Nxe7 40. Rd7
Nd5 41. Nxe6 Rc1+ 42. Kh2 Ne3 43. Rd3 Ng4+ 44. Kg3 Kf7 45. Nd4 Nf6 46. Ne2 Rc2
47. Kf3 Ke7 48. Rc3 Rd2 49. g3 Nd5 50. Rc5 Rd3+ 51. Kf2 Kd6 52. Ra5 Nc7 53.
Rxa7 Kc6 54. Ra5 Kb6 55. h5 gxh5 56. Rxf5 Rxa3 57. Rxh5 Kc6 58. Rxh6+ Kd5 59.
Rh7 Ne6 60. Rd7+ Ke4 61. Re7 Kf5 62. b5 Kf6 63. Rd7 Rb3 64. Rd6 Rb2 65. Kf3 Ke7
66. Rd5 Rb3+ 67. Kg4 Nc7 68. Re5+ Kd6 69. Nd4 Rb4 70. Nf5+ Kd7 71. Ne3 Nxb5 72.
Rd5+ Ke6 73. Re5+ Kf7 74. Nd5 Rb3 75. Re7+ Kf8 76. Rb7 Nd4 77. Rxb3 Nxb3 78.
Kf5 Nd4+ 79. Kf6 Nb5 80. g4 Nd6 81. Nc7 Kg8 82. g5 Kh7 83. g6+ Kg8 84. f5 Kf8
85. Ke6 Ne4 86. f6 Nc5+ 87. Kf5 Nd7 88. Ne6+ 1-0

[Event "Liga Madrileña - DH 2012-2013"]
[Site "Madrid ESP"]
[Date "2013.02.10"]
[Round "9.45"]
[White "Aguado Solana, Juan"]
[Black "Vazquez Torres, Adrian"]
[Result "1-0"]
[WhiteElo "2082"]
[BlackElo "2205"]
[PlyCount "113"]
[EventDate "2012.11.18"]
[EventRounds "14"]
[EventCountry "ESP"]
[Source "lmi"]
[SourceDate "2012.11.18"]
[WhiteTeam "Blanco y Negro"]
[BlackTeam "Virgen de Atocha"]
[WhiteTeamCountry "ESP"]
[BlackTeamCountry "ESP"]

1. e4 e5 2. Nf3 Nc6 3. Bb5 a6 4. Ba4 Nf6 5. O-O Be7 6. Re1 b5 7. Bb3 O-O 8. h3
Bb7 9. c3 d5 10. exd5 Nxd5 11. d4 exd4 12. cxd4 Bf6 13. Nc3 Nxc3 14. bxc3 Qd6
15. Qd3 Rfe8 16. Bg5 Na5 17. Bc2 g6 18. Bxf6 Qxf6 19. Nd2 Qg5 20. Ne4 Qd8 21.
Re2 Kg7 22. Rae1 Bc6 23. Qg3 Nc4 24. Nc5 Rxe2 25. Rxe2 Qd6 26. Qg5 Qf6 27. Qg4
h5 28. Qg3 Nd6 29. Re5 h4 30. Qg4 a5 31. Ne6+ Kg8 32. Ng5 Nc4 33. Re2 Re8 34.
Be4 Bxe4 35. Nxe4 Rxe4 36. Rxe4 Nd6 37. Re5 Kg7 38. Qg5 Qxg5 39. Rxg5 f5 40. g3
Kf6 41. gxh4 Ne4 42. Rg3 f4 43. Rd3 Kf5 44. Kg2 Nd6 45. Kf3 Nc4 46. Rd1 c6 47.
d5 Ne5+ 48. Ke2 c5 49. f3 b4 50. cxb4 axb4 51. Rc1 c4 52. Rb1 c3 53. Kd1 Nxf3
54. Rxb4 Nxh4 55. Rxf4+ Kxf4 56. d6 c2+ 57. Kc1 1-0

[Event "Liga Madrileña - DH 2012-2013"]
[Site "Madrid ESP"]
[Date "2013.02.10"]
[Round "9.46"]
[White "Rodrigo Yanguas, Maria"]
[Black "Rivera Leon, Mauro Arturo"]
[Result "1/2-1/2"]
[WhiteElo "2187"]
[BlackElo "2082"]
[PlyCount "80"]
[EventDate "2012.11.18"]
[EventRounds "14"]
[EventCountry "ESP"]
[Source "lmi"]
[SourceDate "2012.11.18"]
[WhiteTeam "Virgen de Atocha"]
[BlackTeam "Blanco y Negro"]
[WhiteTeamCountry "ESP"]
[BlackTeamCountry "ESP"]

1. e4 e5 2. Nf3 Nc6 3. d4 exd4 4. Nxd4 Nf6 5. Nxc6 bxc6 6. e5 Qe7 7. Qe2 Nd5 8.
c4 Ba6 9. b3 g6 10. Bb2 Bg7 11. g3 O-O 12. Bg2 Rfe8 13. O-O Bxe5 14. Qxe5 Qxe5
15. Bxe5 Rxe5 16. f4 Re3 17. cxd5 Bxf1 18. Kxf1 Rae8 19. Na3 cxd5 20. Bxd5 Re2
21. Nc4 Rxh2 22. Ne5 Kg7 23. Bg2 d6 24. Nc6 Re3 25. Kg1 Rh5 26. Kf2 Rc3 27. Nd4
Ra5 28. Be4 f5 29. Bc6 Rd3 30. Ne6+ Kf6 31. Nxc7 Rxb3 32. Ne8+ Kf7 33. Nxd6+
Kg7 34. Nc4 Ra6 35. Bd5 Rd3 36. Ne3 Rd2+ 37. Ke1 Rd3 38. Ke2 Raa3 39. Nc2 Rac3
40. Bb3 Rxg3 1/2-1/2

[Event "Liga Madrileña - DH 2012-2013"]
[Site "Madrid ESP"]
[Date "2013.02.17"]
[Round "10.11"]
[White "Adan Bermudez, Sergio"]
[Black "Alcazar Jimenez, Victor Manuel"]
[Result "0-1"]
[WhiteElo "2285"]
[BlackElo "2373"]
[PlyCount "60"]
[EventDate "2012.11.18"]
[EventRounds "14"]
[EventCountry "ESP"]
[Source "lmi"]
[SourceDate "2012.11.18"]
[WhiteTeam "Pueblo Nuevo"]
[BlackTeam "Blanco y Negro"]
[WhiteTeamCountry "ESP"]
[BlackTeamCountry "ESP"]

1. c4 e6 2. Nf3 Nf6 3. b3 c5 4. g3 Nc6 5. Bg2 d5 6. O-O d4 7. e3 Be7 8. exd4
cxd4 9. Re1 Nd7 10. d3 O-O 11. Ba3 Bc5 12. Qd2 a5 13. Ng5 Bb4 14. Bxb4 axb4 15.
f4 Nc5 16. Qd1 e5 17. Bxc6 bxc6 18. Rxe5 Nd7 19. Re1 c5 20. a4 Bb7 21. Nd2 Qc7
22. Qe2 h6 23. Ngf3 Nf6 24. h3 Ra6 25. Ne5 Re6 26. Qf2 Rfe8 27. Ndf3 Ba8 28.
Nh4 Qb7 29. Ng2 Nd7 30. Re2 f6 0-1

[Event "Liga Madrileña - DH 2012-2013"]
[Site "Madrid ESP"]
[Date "2013.02.17"]
[Round "10.12"]
[White "Alarcia Astriz, Carlos"]
[Black "Fernandez Lledo, Javier"]
[Result "1-0"]
[WhiteElo "2335"]
[BlackElo "2238"]
[PlyCount "47"]
[EventDate "2012.11.18"]
[EventRounds "14"]
[EventCountry "ESP"]
[Source "lmi"]
[SourceDate "2012.11.18"]
[WhiteTeam "Blanco y Negro"]
[BlackTeam "Pueblo Nuevo"]
[WhiteTeamCountry "ESP"]
[BlackTeamCountry "ESP"]

1. e4 d6 2. d3 g6 3. g3 Bg7 4. Bg2 Nf6 5. Ne2 Bd7 6. c4 Qc8 7. h3 c5 8. Nbc3
Nc6 9. Be3 h5 10. Nf4 a6 11. O-O Rb8 12. Kh2 h4 13. g4 b5 14. Nfd5 bxc4 15.
dxc4 Rxb2 16. Na4 Nxg4+ 17. hxg4 Bxg4 18. Bf3 Ne5 19. Bxg4 Nxg4+ 20. Kg1 Be5
21. Nab6 Nxe3 22. Qa4+ Kf8 23. Nxc8 Nxf1 24. Rxf1 1-0

[Event "Liga Madrileña - DH 2012-2013"]
[Site "Madrid ESP"]
[Date "2013.02.17"]
[Round "10.13"]
[White "Navarro Nicolas, Victor Manuel"]
[Black "Alcazar Jimenez, Jesus Alberto"]
[Result "0-1"]
[WhiteElo "2211"]
[BlackElo "2231"]
[PlyCount "52"]
[EventDate "2012.11.18"]
[EventRounds "14"]
[EventCountry "ESP"]
[Source "lmi"]
[SourceDate "2012.11.18"]
[WhiteTeam "Pueblo Nuevo"]
[BlackTeam "Blanco y Negro"]
[WhiteTeamCountry "ESP"]
[BlackTeamCountry "ESP"]

1. d4 c5 2. d5 Nf6 3. c4 b5 4. cxb5 a6 5. bxa6 Bxa6 6. g3 d6 7. Bg2 g6 8. b3
Bg7 9. Bb2 O-O 10. Nh3 Nbd7 11. O-O Qb6 12. Qd2 Rfb8 13. Nc3 c4 14. Rfb1 cxb3
15. axb3 Qxb3 16. e4 Ng4 17. Nd1 Bd3 18. Rxa8 Rxa8 19. Rc1 Ra2 20. Qg5 Bxb2 21.
Rc8+ Kg7 22. Bf3 Nge5 23. Bh5 Qxd1+ 24. Bxd1 Ra1 25. Kg2 Rxd1 26. f3 Bf1+ 0-1

[Event "Liga Madrileña - DH 2012-2013"]
[Site "Madrid ESP"]
[Date "2013.02.17"]
[Round "10.14"]
[White "Martinez Lozano, Miguel Angel"]
[Black "Barez Menendez, Hector"]
[Result "1-0"]
[WhiteElo "2230"]
[BlackElo "2163"]
[PlyCount "109"]
[EventDate "2012.11.18"]
[EventRounds "14"]
[EventCountry "ESP"]
[Source "lmi"]
[SourceDate "2012.11.18"]
[WhiteTeam "Blanco y Negro"]
[BlackTeam "Pueblo Nuevo"]
[WhiteTeamCountry "ESP"]
[BlackTeamCountry "ESP"]

1. e4 e5 2. Nf3 Nf6 3. Nc3 Nc6 4. Bb5 Bb4 5. O-O O-O 6. Re1 d6 7. a3 Bxc3 8.
dxc3 Ne7 9. Bd3 Ng6 10. c4 h6 11. Nd2 Bg4 12. Be2 Be6 13. Bf3 Nh4 14. Be2 Ng6
15. g3 Qd7 16. Bf3 Nh7 17. Bg2 Bg4 18. Nf3 Rad8 19. Be3 b6 20. Qd3 f5 21. exf5
Bxf5 22. Qc3 Bh3 23. Bh1 Nf6 24. Nd2 Qf5 25. Qd3 Qh5 26. Bg2 Bf5 27. Ne4 Ng4
28. h3 Nxe3 29. Rxe3 Bxe4 30. Qxe4 Qf5 31. Qd5+ Qf7 32. Qd2 Ne7 33. b3 Kh8 34.
Bd5 Qh5 35. Bg2 Qg5 36. h4 Qf6 37. Rd1 Nf5 38. Rf3 Qg6 39. Qd3 Ne7 40. Rxf8+
Rxf8 41. Be4 Qf6 42. Rd2 Qe6 43. b4 Nf5 44. c5 bxc5 45. bxc5 dxc5 46. Bxf5 Rxf5
47. Qd8+ Kh7 48. Qxc7 Rf7 49. Qxc5 e4 50. Re2 Qf5 51. Qe3 Rc7 52. Qxe4 Qxe4 53.
Rxe4 Rxc2 54. Re7 a5 55. Re5 1-0

[Event "Liga Madrileña - DH 2012-2013"]
[Site "Madrid ESP"]
[Date "2013.02.17"]
[Round "10.15"]
[White "Nunez Reiz, Antonio"]
[Black "Rivas Vila, David"]
[Result "0-1"]
[WhiteElo "2123"]
[BlackElo "2213"]
[PlyCount "80"]
[EventDate "2012.11.18"]
[EventRounds "14"]
[EventCountry "ESP"]
[Source "lmi"]
[SourceDate "2012.11.18"]
[WhiteTeam "Pueblo Nuevo"]
[BlackTeam "Blanco y Negro"]
[WhiteTeamCountry "ESP"]
[BlackTeamCountry "ESP"]

1. e4 c5 2. d3 Nc6 3. g3 g6 4. Bg2 Bg7 5. c3 d6 6. Nh3 e6 7. O-O Nge7 8. Nd2
O-O 9. a4 Rb8 10. f4 a6 11. g4 f5 12. gxf5 gxf5 13. Rf3 h6 14. Rg3 Bd7 15. Nc4
Be8 16. e5 d5 17. Nd6 Nc8 18. Nxe8 Qxe8 19. Bf3 N8e7 20. Bh5 Qd7 21. d4 cxd4
22. cxd4 Rbc8 23. Raa3 Nxd4 24. Rg2 Kh7 25. Rag3 Bh8 26. Be3 Ndc6 27. Bf7 Rxf7
28. Qh5 Rg7 29. Rxg7+ Bxg7 30. Qf7 Rg8 31. Ng5+ Kh8 32. Nxe6 Nd8 33. Nxd8 Qxd8
34. Bc5 Nc6 35. Kh1 d4 36. e6 Qf6 37. Qxb7 Qxe6 38. Qxa6 Qe1+ 39. Rg1 Qe4+ 40.
Rg2 Bf8 0-1

[Event "Liga Madrileña - DH 2012-2013"]
[Site "Madrid ESP"]
[Date "2013.02.17"]
[Round "10.16"]
[White "Aguado Solana, Juan"]
[Black "Nieto de la Cruz, Julio"]
[Result "0-1"]
[WhiteElo "2082"]
[BlackElo "2111"]
[PlyCount "78"]
[EventDate "2012.11.18"]
[EventRounds "14"]
[EventCountry "ESP"]
[Source "lmi"]
[SourceDate "2012.11.18"]
[WhiteTeam "Blanco y Negro"]
[BlackTeam "Pueblo Nuevo"]
[WhiteTeamCountry "ESP"]
[BlackTeamCountry "ESP"]

1. e4 c5 2. Nf3 d6 3. Nc3 g6 4. d4 cxd4 5. Qxd4 Nf6 6. e5 dxe5 7. Bb5+ Nbd7 8.
Nxe5 Bg7 9. Bg5 O-O 10. O-O-O Qa5 11. Nc4 Qc7 12. Bf4 Qc5 13. Rhe1 Qxd4 14.
Rxd4 Nh5 15. Rdd1 Nxf4 16. Bxd7 e6 17. g3 Bxc3 18. bxc3 Nd5 19. Ne5 Nxc3 20.
Rd4 Rd8 21. Kb2 Nd5 22. Ba4 Rf8 23. Red1 f6 24. Nd7 Rf7 25. Nc5 Rc7 26. Ne4 f5
27. Ng5 Nc3 28. Rd8+ Kg7 29. R1d4 e5 30. Rb4 a5 31. Rh4 h6 32. Ne6+ Bxe6 33.
Rxa8 g5 34. Rh3 Nxa4+ 35. Ka3 Nb6 36. Rd8 Rc3+ 37. Kb2 Na4+ 38. Kb1 f4 39. Rh5
Bg4 0-1

[Event "Liga Madrileña - DH 2012-2013"]
[Site "Madrid ESP"]
[Date "2013.02.17"]
[Round "10.21"]
[White "Anton Guijarro, David"]
[Black "Granda Zuniga, Julio E"]
[Result "0-1"]
[WhiteElo "2559"]
[BlackElo "2651"]
[PlyCount "78"]
[EventDate "2012.11.18"]
[EventRounds "14"]
[EventCountry "ESP"]
[Source "lmi"]
[SourceDate "2012.11.18"]
[WhiteTeam "Virgen de Atocha"]
[BlackTeam "Collado Villalba"]
[WhiteTeamCountry "ESP"]
[BlackTeamCountry "ESP"]

1. e4 c6 2. d4 d5 3. e5 Bf5 4. Nf3 e6 5. Be2 Nd7 6. O-O Bg6 7. Nbd2 Nh6 8. Nb3
Be7 9. Bxh6 gxh6 10. Qd2 h5 11. Bd3 Qc7 12. a4 O-O-O 13. a5 a6 14. Bxg6 hxg6
15. Rac1 Kb8 16. c4 dxc4 17. Rxc4 g5 18. Qe3 g4 19. Ne1 Nf8 20. Nd3 Rd5 21. f4
Rb5 22. Ndc5 Nd7 23. Na4 Rd8 24. Qc3 f5 25. Qc2 h4 26. Rd1 h3 27. gxh3 gxh3 28.
Rd3 Rg8+ 29. Rg3 Qd8 30. Kf1 Rxg3 31. hxg3 Qg8 32. Rc3 Rb4 33. Nb6 Nxb6 34.
axb6 Bd8 35. Kg1 Bxb6 36. Kh2 Bxd4 37. Rc4 Bg1+ 38. Kxh3 Rxb3 39. Qxb3 Qh7+ 0-1

[Event "Liga Madrileña - DH 2012-2013"]
[Site "Madrid ESP"]
[Date "2013.02.17"]
[Round "10.22"]
[White "Vazquez Igarza, Renier"]
[Black "Arribas Lopez, Angel"]
[Result "1/2-1/2"]
[WhiteElo "2565"]
[BlackElo "2477"]
[PlyCount "129"]
[EventDate "2012.11.18"]
[EventRounds "14"]
[EventCountry "ESP"]
[Source "lmi"]
[SourceDate "2012.11.18"]
[WhiteTeam "Collado Villalba"]
[BlackTeam "Virgen de Atocha"]
[WhiteTeamCountry "ESP"]
[BlackTeamCountry "ESP"]

1. Nf3 d6 2. d4 g6 3. g3 Bg7 4. Bg2 Nf6 5. O-O O-O 6. b3 c6 7. Bb2 Qa5 8. h3
Qh5 9. g4 Qa5 10. Qd2 Qxd2 11. Nfxd2 h5 12. g5 Nh7 13. f4 a5 14. e3 a4 15. b4
d5 16. c4 dxc4 17. Nxc4 Be6 18. Nbd2 Rd8 19. Rfc1 Ra7 20. a3 Nf8 21. Ne4 Nfd7
22. Nc5 Bd5 23. Bxd5 cxd5 24. Nxd7 Nxd7 25. Na5 Nf8 26. Rc7 Rd7 27. Rxd7 Nxd7
28. Rc1 Bf8 29. Rc7 Nb6 30. Bc1 e6 31. Rxb7 Rxb7 32. Nxb7 Be7 33. Nc5 Kf8 34.
Kf2 Ke8 35. Ke2 Kd8 36. Kd3 Kc7 37. b5 Nc4 38. Nxa4 Bxa3 39. Bxa3 Nxa3 40. b6+
Kc6 41. Nc5 Nc4 42. b7 Kc7 43. e4 Nd6 44. exd5 exd5 45. Na6+ Kxb7 46. Nb4 Ne4
47. Ke3 Nc3 48. h4 Ne4 49. Nxd5 Nd6 50. Ne7 Kc7 51. f5 Kd7 52. f6 Ke6 53. Kd3
Nb7 54. Kc4 Kd6 55. Kb5 Nd8 56. d5 Nb7 57. Kc4 Na5+ 58. Kd4 Nb3+ 59. Ke3 Nc5
60. Kd4 Nb3+ 61. Ke4 Nc5+ 62. Kf3 Nd7 63. Kf4 Nc5 64. Nc6 Kxd5 65. Ne7+ 1/2-1/2

[Event "Liga Madrileña - DH 2012-2013"]
[Site "Madrid ESP"]
[Date "2013.02.17"]
[Round "10.23"]
[White "Almagro Llanas, Pablo"]
[Black "Moreno Ruiz, Javier"]
[Result "0-1"]
[WhiteElo "2442"]
[BlackElo "2492"]
[PlyCount "86"]
[EventDate "2012.11.18"]
[EventRounds "14"]
[EventCountry "ESP"]
[Source "lmi"]
[SourceDate "2012.11.18"]
[WhiteTeam "Virgen de Atocha"]
[BlackTeam "Collado Villalba"]
[WhiteTeamCountry "ESP"]
[BlackTeamCountry "ESP"]

1. e4 c5 2. Nf3 g6 3. c3 d5 4. Qa4+ Bd7 5. Qb3 c4 6. Qc2 e6 7. exd5 exd5 8. d3
Qe7+ 9. Be2 cxd3 10. Qxd3 Nf6 11. O-O Bg7 12. Qe3 Nc6 13. Na3 O-O 14. Qxe7 Nxe7
15. Bf4 a6 16. Nc2 Nc6 17. Rfe1 Rfe8 18. Bd3 Ne4 19. Rad1 Bg4 20. Ne3 Bxf3 21.
gxf3 Nc5 22. Bf1 d4 23. Nd5 dxc3 24. bxc3 Na4 25. Rxe8+ Rxe8 26. Rb1 b5 27. c4
b4 28. Nxb4 Nd4 29. Nxa6 Be5 30. Nc7 Rd8 31. Bxe5 Nxf3+ 32. Kg2 Nxe5 33. Nd5
Nc5 34. Rb5 Ned7 35. Be2 Ra8 36. Nb4 Ra3 37. Bf3 Rc3 38. Bd5 Kg7 39. Ra5 g5 40.
Nc6 Nd3 41. f3 Nf4+ 42. Kg3 Rc2 43. Kg4 Kf6 0-1

[Event "Liga Madrileña - DH 2012-2013"]
[Site "Madrid ESP"]
[Date "2013.02.17"]
[Round "10.24"]
[White "Reyes Larena, Juan"]
[Black "Rubio Mejia, Luis Ignacio"]
[Result "0-1"]
[WhiteElo "2441"]
[BlackElo "2432"]
[PlyCount "60"]
[EventDate "2012.11.18"]
[EventRounds "14"]
[EventCountry "ESP"]
[Source "lmi"]
[SourceDate "2012.11.18"]
[WhiteTeam "Collado Villalba"]
[BlackTeam "Virgen de Atocha"]
[WhiteTeamCountry "ESP"]
[BlackTeamCountry "ESP"]

1. e4 c5 2. Nf3 e6 3. Nc3 Nc6 4. Be2 a6 5. O-O Nf6 6. d4 cxd4 7. Nxd4 Qc7 8. a3
Nxd4 9. Qxd4 Bc5 10. Qd3 b5 11. Kh1 Bb7 12. f4 h5 13. Bf3 Rc8 14. e5 Ng4 15.
Bxb7 Qxb7 16. Ne4 Qc6 17. Bd2 Nh6 18. Bb4 Bxb4 19. axb4 Qxc2 20. Nd6+ Kf8 21.
Qd4 Rc6 22. Rad1 Kg8 23. Rd2 Nf5 24. Qf2 Qb3 25. Nxf5 exf5 26. Rxd7 Qxb4 27.
Qh4 Rhh6 28. Qd8+ Kh7 29. Qg5 Qe4 30. Rxf7 Rcg6 0-1

[Event "Liga Madrileña - DH 2012-2013"]
[Site "Madrid ESP"]
[Date "2013.02.17"]
[Round "10.25"]
[White "Fernandez Barrera, Victor"]
[Black "Herrera, Irisberto"]
[Result "1/2-1/2"]
[WhiteElo "2312"]
[BlackElo "2444"]
[PlyCount "60"]
[EventDate "2012.11.18"]
[EventRounds "14"]
[EventCountry "ESP"]
[Source "lmi"]
[SourceDate "2012.11.18"]
[WhiteTeam "Virgen de Atocha"]
[BlackTeam "Collado Villalba"]
[WhiteTeamCountry "ESP"]
[BlackTeamCountry "ESP"]

1. e4 c5 2. Nf3 e6 3. d4 cxd4 4. Nxd4 Nc6 5. Nc3 Qc7 6. g3 a6 7. Bg2 Nf6 8. O-O
Nxd4 9. Qxd4 Bc5 10. Bf4 d6 11. Qd3 h6 12. Na4 e5 13. Nxc5 dxc5 14. Be3 Ng4 15.
Bd2 O-O 16. h3 Rd8 17. Qc3 Nf6 18. Be3 b6 19. b4 Bb7 20. f3 Rac8 21. bxc5 Nd7
22. Rfd1 Nxc5 23. Rxd8+ Rxd8 24. Rb1 Rc8 25. Bxc5 b5 26. a4 Qxc5+ 27. Qxc5 Rxc5
28. axb5 axb5 29. c4 Bc6 30. cxb5 Bxb5 1/2-1/2

[Event "Liga Madrileña - DH 2012-2013"]
[Site "Madrid ESP"]
[Date "2013.02.17"]
[Round "10.26"]
[White "Garrido Dominguez, Jesus"]
[Black "Perez de Aranda, Leonardo Ivan"]
[Result "0-1"]
[WhiteElo "2400"]
[BlackElo "2109"]
[PlyCount "68"]
[EventDate "2012.11.18"]
[EventRounds "14"]
[EventCountry "ESP"]
[Source "lmi"]
[SourceDate "2012.11.18"]
[WhiteTeam "Collado Villalba"]
[BlackTeam "Virgen de Atocha"]
[WhiteTeamCountry "ESP"]
[BlackTeamCountry "ESP"]

1. e4 c5 2. Nf3 d6 3. d4 cxd4 4. Nxd4 Nf6 5. Nc3 a6 6. h3 e5 7. Nde2 h5 8. g3
Be6 9. Bg2 Qc8 10. Bg5 Nbd7 11. O-O Be7 12. Nd5 Nxd5 13. exd5 Bxh3 14. Bxh3
Bxg5 15. Nc3 Qc7 16. f4 exf4 17. gxf4 Bf6 18. Qe2+ Kf8 19. Ne4 Re8 20. Qg2 Bxb2
21. Rae1 Nf6 22. Ng5 Rxe1 23. Rxe1 g6 24. Kh1 Kg7 25. f5 Qa5 26. Re7 Qxd5 27.
Qxd5 Nxd5 28. Rxb7 Bc1 29. Nxf7 Rf8 30. Nxd6+ Kf6 31. Ne4+ Ke5 32. Nc5 Rc8 33.
f6 Rxc5 34. f7 Bh6 0-1